000 00695nam a2200241Ia 4500
003 OSt
005 20221005131134.0
006 a|||||r|||| 00| 0
007 ta
008 221004b |||||||| |||| 00| 0 eng d
024 _a36920
037 _cTextual
040 _aCRL
_cCRL
_beng
041 _2eng
_aeng
082 _aO:2J64j, K5 close section
110 _aAndhra University.
_9365868
245 0 _aShakerpeare quater centenary celebrations 24 to 27th February 1964
_b Souvenir
260 _c1965
650 _aENGLISH LITERATURE
700 _aAndhra University.
_9365869
942 _hO:2J64j, K5 close section
_cTEXL
_2cc
999 _c1059443
_d1059443